Word Ladder: Sean Connery Movies Quiz Stats

 Plays Quiz Updated Jul 14, 2014

Support Sporcle.
Go Orange.
Score 0/42 Timer 04:00
2 Plays Today
Clues/Connery Movies 4-Letter Word % Correct
★ ''From Russia with ____'' (1963) ★●LOVE●
98.3%
★ ''You Only ____ Twice'' (1967) ★●LIVE●
97.3%
1968 movie: ''Yours, ____, and Ours''MINE
94.7%
Short form of MichaelMIKE
94.7%
★ ''The ____ for Red October'' (1990) ★●HUNT●
93.9%
★ ''Indiana Jones and the ____ Crusade''('89) ★●LAST●
93.4%
2003 movie: ''How to ____ a Guy in 10 Days'' LOSE
93.2%
Helpful suggestionHINT
90.8%
1938 movie: ''You Can't ____ It with You''TAKE
90.7%
Often used phrase: ''____ We Forget''LEST
90%
Civilized; not wildTAME
89.7%
Floor for ice skatingRINK
89.7%
1956 movie: ''Hollywood or ____''BUST
89.5%
★ ''Robin ____: Prince of Thieves'' (1991) ★●HOOD●
89.5%
Make money by stamping metalMINT
89.5%
Short form of RichardRICK
89.2%
★ ''____ Cause'' (1995) ★●JUST●
89.1%
Soft hit in baseballBUNT
88.8%
★ ''Let's ____ Up'' (1955) ★●MAKE●
88.1%
★ ''____ Bandits'' (1981) ★●TIME●
87.8%
2000 movie: ''____ Away''CAST
87.4%
Clues/Connery Movies 4-Letter Word % Correct
1930 movie: ''____, Line, and Sinker''HOOK
86.9%
Prong of a forkTINE
86.7%
Joke; ridiculeJEST
86.5%
Goose's cryHONK
82.3%
Relax, especially in the sunshineBASK
81.6%
Barrel-shaped container for wineCASK
81.2%
★ ''____ Days One Summer'' (1982) ★●FIVE●
80.5%
★ ''The Man Who Would Be ____'' (1975) ★●KING●
80%
Outer covering of some fruitRIND
79.6%
Religious brother; priestMONK
78.9%
★ ''A ____ Madness'' (1967) ★●FINE●
75.7%
Twist or curl in a wireKINK
75.3%
★ ''No Road ____'' (1957) ★●BACK●
73%
1962 movie: ''That Touch of ____''MINK
71.6%
Absence; withoutLACK
70.9%
★ ''A ____ Man in Africa'' (1994) ★●GOOD●
65.6%
1944 movie: ''____ and a Prayer''WING
62.8%
★ ''The ____ and the Lion'' (1975) ★●WIND●
60.4%
★ ''The Name of the ____'' (1986) ★●ROSE●
57.8%
★ ''The ____'' (1996) ★●ROCK●
49.7%
★ ''Time ____'' (1957) ★●LOCK●
46.6%

Today's Daily Dose

Missing Word
1961 Movies A-Z

Word Ladder
Study Light

Get the Picture
Bread and Butter

You're not logged in!

Compare scores with friends on all Sporcle quizzes.
OR
Log In

From the Vault

50 Hits to Click: 1975

by caramba

All you have to do is look at their hair to know this is a '70s quiz.
Remove Ads.
Support Sporcle.
Get the best of Sporcle when you Go Orange. This ad-free experience offers more features, more stats, and more fun while also helping to support Sporcle. Thank you for becoming a member.

Show Comments

Extras

Top Quizzes Today


Score Distribution

Your Account Isn't Verified!

In order to create a playlist on Sporcle, you need to verify the email address you used during registration. Go to your Sporcle Settings to finish the process.

Report this User

Report this user for behavior that violates our Community Guidelines.

Details: